5HLuxD.jpg

KING HENRY VIII SENIOR AND PRIMARY SCHOOL LIBRARY OPAC

Cambridge international AS & A level physics; (Record no. 2580)

000 -LEADER
fixed length control field 01152nam a22003738i 4500
001 - CONTROL NUMBER
control field 023241404
003 - CONTROL NUMBER IDENTIFIER
control field UkOxU
005 - DATE AND TIME OF LATEST TRANSACTION
control field 20230721101423.0
008 - FIXED-LENGTH DATA ELEMENTS--GENERAL INFORMATION
fixed length control field 210222s2020 enk 000|0|eng|d
015 ## - NATIONAL BIBLIOGRAPHY NUMBER
National bibliography number GBC134569
Source bnb
020 ## - INTERNATIONAL STANDARD BOOK NUMBER
International Standard Book Number 9781108859035 (pbk.) :
035 ## - SYSTEM CONTROL NUMBER
System control number (Uk)020122063
035 ## - SYSTEM CONTROL NUMBER
System control number (StEdALDL)1/4021151
040 ## - CATALOGING SOURCE
Original cataloging agency StDuBDS
Language of cataloging eng
Description conventions rda
Transcribing agency StDuBDS
049 ## - LOCAL HOLDINGS (OCLC)
Holding library CROBAR
082 04 - DEWEY DECIMAL CLASSIFICATION NUMBER
Classification number 530.076 SAN
100 1# - MAIN ENTRY--PERSONAL NAME
Personal name Sang, David,
Relator term author.
245 10 - TITLE STATEMENT
Title Cambridge international AS & A level physics;
Name of part/section of a work Coursebook /
Statement of responsibility, etc. David Sang, Graham Jones, Gurinder Chadha, Richard Woodside.
250 ## - EDITION STATEMENT
Edition statement Third edition.
263 ## - PROJECTED PUBLICATION DATE
Projected publication date 202003
264 #1 - PRODUCTION, PUBLICATION, DISTRIBUTION, MANUFACTURE, AND COPYRIGHT NOTICE
Place of production, publication, distribution, manufacture Cambridge :
Name of producer, publisher, distributor, manufacturer Cambridge University Press,
Date of production, publication, distribution, manufacture, or copyright notice 2020.
300 ## - PHYSICAL DESCRIPTION
Extent 1 volume ;
Dimensions 28 cm
336 ## - CONTENT TYPE
Content type term text
Source rdacontent
337 ## - MEDIA TYPE
Media type term unmediated
Source rdamedia
338 ## - CARRIER TYPE
Carrier type term volume
Source rdacarrier
500 ## - GENERAL NOTE
General note Includes ebook access.
521 2# - TARGET AUDIENCE NOTE
Target audience note AS.
521 2# - TARGET AUDIENCE NOTE
Target audience note A-level.
650 #0 - SUBJECT ADDED ENTRY--TOPICAL TERM
Topical term or geographic name entry element Physics
Form subdivision Problems, exercises, etc.
700 1# - ADDED ENTRY--PERSONAL NAME
Personal name Jones, Graham
Titles and other words associated with a name (Writer on physics),
Relator term author.
700 10 - ADDED ENTRY--PERSONAL NAME
Personal name Chadha, Gurinder,
Dates associated with a name 1957-
Relator term author.
700 1# - ADDED ENTRY--PERSONAL NAME
Personal name Woodside, Richard,
Relator term author.
942 ## - ADDED ENTRY ELEMENTS (KOHA)
Source of classification or shelving scheme
Koha item type Teaching Resources
Holdings
Withdrawn status Lost status Source of classification or shelving scheme Damaged status Not for loan Collection code Permanent Location Current Location Shelving location Date acquired Total Checkouts Full call number Barcode Date due Date last seen Date last checked out Price effective from Koha item type
          Teaching Resources KH8 Senior School Library KH8 Senior School Library Staff Office 2023-07-21 2 530.076 SAN TRKHSL000972 2026-07-03 2025-08-19 2025-08-19 2023-07-21 Teaching Resources
          Teaching Resources KH8 Senior School Library KH8 Senior School Library Staff Office 2024-11-07   530.076 SAN TRKHSL006150   2024-11-07   2024-11-07 Teaching Resources

Powered By KH8 IT Dept